| 000 | 006610000a22001810004500 | ||
|---|---|---|---|
| 003 | MACL | ||
| 005 | 20160607144546.0 | ||
| 008 | 160607b xxu||||| |||| 00| 0 eng d | ||
| 040 |
_aMACL _cMACL |
||
| 041 | _aHindi | ||
| 082 | _a954 | ||
| 100 |
_aदिवेदी, आचार्य महावीर प्रसाद _962698 |
||
| 245 |
_aअतीत के झरोखे _bपुरावृत्त _cआचार्य महावीर प्रसाद दिवेदी |
||
| 260 |
_bअनुराग प्रकाशन _c2006 _aइलाहाबाद |
||
| 350 | _a80 | ||
| 650 |
_aHistory _962699 |
||
| 942 |
_cHIN _k954 _2ddc |
||
| 999 |
_c22584 _d22584 |
||